Najmniejsze PKB w Europie - Statystyki

Ogólne statystyki
  • Ten quiz został rozwiązany 234 razy
  • Średni wynik to 8 z 10
Statystyki odpowiedzi
Hint Odpowiedź % Poprawnych
11 440 000 000 USD Mołdawia
85%
1 633 000 000 USD San Marino
85%
3 237 000 000 USD Andora
83%
15 100 000 000 USD Albania
82%
6 215 000 000 USD Liechtenstein
81%
5 504 000 000 USD Czarnogóra
80%
12 670 000 000 USD Macedonia Północna
80%
7 185 000 000 USD Monako
76%
20 160 000 000 USD Bośnia i Hercegowina
73%
25 880 000 000 USD Islandia
55%
Nie znaleziono quizów pasujących do podanych kryteriów
Rozkład punktacji
Procent ludzi z każdym wynikiem
Percentyl według liczby udzielonych odpowiedzi
Twoja historia wyników
Nie rozwiązałeś tego quizu